000 00297nam a2200109Ia 4500
008 171205s9999 xx 000 0 und d
020 _a9781473979741
100 _aBates, Bob
245 2 _aA Quick Guide to Special Needs and Disabilities
260 _bSAGE Publications
_c2017
300 _a240 pages
999 _c347401
_d347401